Growth , Employment and Inflation (Record no. 617974)

MARC details
000 -LEADER
fixed length control field 00500nam a2200169 a 4500
008 - FIXED-LENGTH DATA ELEMENTS--GENERAL INFORMATION
fixed length control field 260318s2026##################000#0#eng##
020 ## - INTERNATIONAL STANDARD BOOK NUMBER
ISBN 9780033717943
Paper back/Hardbound hbk
041 ## - LANGUAGE CODE
Language code of text/sound track or separate title eng
082 04 - DEWEY DECIMAL CLASSIFICATION NUMBER
Classification number 338.9 SET
100 ## - MAIN ENTRY--AUTHOR NAME
Personal name setterfield,mark
245 10 - TITLE STATEMENT
Title Growth , Employment and Inflation
Sub Title Essays in Honour of John Cornwall
Statement of responsibility, etc /Mark Setterfield ;
260 ## - PUBLICATION, DISTRIBUTION, ETC. (IMPRINT)
Place of publication Great Britain:
Name of publisher MACMILLAN PRESS LTD,
Year of publication 1999
300 ## - PHYSICAL DESCRIPTION
Number of Pages 278p. :
Dimensions 20cm
650 ## - SUBJECT ADDED ENTRY--TOPICAL TERM
Topical Term Production
942 ## - ADDED ENTRY ELEMENTS (KOHA)
Koha item type English Books
Holdings
Withdrawn status Lost status Damaged status Not for loan Home library Current library Shelving location Date acquired Full call number Accession Number Price effective from Koha item type
        Anna Centenary Library Anna Centenary Library 4TH FLOOR, A WING 18.03.2026 338.9 SET 322706 18.03.2026 English Books

Find us on the map